00283nam a2200121Ia 4500008004100000041000800041082001600049100002300065245003100088260002500119365001100144440000600155240624s9999 xx 000 0 und d aeng a891.43 PAR  aPARSAI HARISHANKAR aPARSAI RACHANAWALI VOL 1 6 c2005aPrakashan,2005 cRSb20 v1